000 00643nam a22001817a 4500
005 20251108164953.0
008 250721s1994 xx 000 0 ara d
082 1 4 _a214.1/احم
100 1 _aالسعدني، أحمد علي
245 1 0 _aمن مشكاة القرآن الكريم :
_bمعالم التوحيد في موعظة لفمان الحكيم /
264 1 _aالإسكندريه :
_bدار الإيمان للطبع و النشر و التوزيع،
_c1994.
300 _a267ص
650 1 7 _aالإسلام
650 1 7 _aأصول الدين الإسلامي
650 1 7 _aالتوحيد
942 _2ddc
_cBK
999 _c18729
_d18729